Zákon /
Uložené v:
| Hlavný autor: | |
|---|---|
| Ďalší autori: | , |
| Médium: | Kniha |
| Jazyk: | Czech English |
| Vydané: |
Praha :
Academia,
1991
|
| Vydanie: | 1. vyd. |
| Témy: | |
| ISBN: |
8020004041 (brož.) |
| Fyzický popis: |
58 s. |
| Tagy: |
Pridať tag
Žiadne tagy, Buďte prvý kto otaguje tento záznam!
|
Titul je dostupný aj v ... 

MARC
| LEADER | 00000nam a2200000 a 4500 | ||
|---|---|---|---|
| 001 | 000014022 | ||
| 005 | 20051012094933.0 | ||
| 008 | 050803s1991 xr e 000 0 czeo | ||
| 020 | |a 8020004041 (brož.) | ||
| 040 | |a SVKKK |b slo |c SVKKK |e AACR2 | ||
| 041 | 1 | |a cze |h eng | |
| 044 | |a xr |c CZ | ||
| 072 | 7 | |a 316.3 |x Globálne spoločnosti. Sociálna štruktúra. Sociálne skupiny |2 konspekt | |
| 080 | |a 316.323.7 |2 1997 | ||
| 080 | |a 34 |2 1997 | ||
| 080 | |a 316.3 |2 1997 | ||
| 080 | |a (0:82-4) |2 1997 | ||
| 100 | 1 | |a Bastiat, Frédéric, |d 1801-1850 |4 aut | |
| 245 | 1 | 0 | |a Zákon / |c Frederic Bastiat ; prekl. Luboš Hlinovský |
| 250 | |a 1. vyd. | ||
| 260 | |a Praha : |b Academia, |c 1991 | ||
| 300 | |a 58 s. | ||
| 600 | 1 | 7 | |a Bastiat, Frédéric, |d 1801-1850 |2 SVKKKMA |
| 650 | 0 | 7 | |a socializmus |2 SVKKKPH |
| 650 | 0 | 7 | |a zákony |2 SVKKKPH |
| 650 | 0 | 7 | |a spoločnosť |2 SVKKKPH |
| 655 | 7 | |a úvahy |2 SVKKKPH | |
| 655 | 7 | |a umelecká literatúra |2 SVKKKPH | |
| 700 | 1 | |a Ševčík, Miroslav, |d 1958- |4 aui | |
| 700 | 1 | |a Hlinovský, Luboš |4 trl | |
| 919 | |a 80-200-0404-1 | ||
| 998 | |a BK | ||
| 090 | |g SCKHL |k Sklad Pribinova 2. posch. |a II.345373 |j 838784 |i B30526 |s Absenčne | ||
| 090 | |g SCKHL |k Sklad Pribinova 2. posch. |a II.345374 |j 838785 |i B30527 |s Absenčne | ||
| 090 | |g SCKHL |k Sklad Pribinova 2. posch. |a II.346043 |j 840841 |i 2720091322 |s Absenčne | ||